Monyet dan kura-kura
| Main Author: | |
|---|---|
| Format: | Book |
| Published: |
Johor :
Penerbitan PHD (M) Sdn.Bhd. ,
2007
|
| Series: | Siri moral dan budi
|
| Subjects: |
MARC
| LEADER | 00000cam a2200000 7i4500 | ||
|---|---|---|---|
| 001 | 0000073151 | ||
| 005 | 20170528.0 | ||
| 008 | 170528 | ||
| 020 | |a 9789833290178(set) | ||
| 020 | |a 9789833290222 | ||
| 090 | 0 | 0 | |a JF |b MAL |
| 100 | 1 | |a Rosli Mohd Sah | |
| 245 | 1 | 0 | |a Monyet dan kura-kura |c Rosli Mohd Sah |
| 260 | |a Johor : |b Penerbitan PHD (M) Sdn.Bhd. , |c 2007 | ||
| 300 | |a 32p. : |b .ill. | ||
| 490 | 1 | |a Siri moral dan budi | |
| 500 | |a Children ages 7-9 years old (orange) | ||
| 650 | 0 | |a Children Stories, Malay | |
| 999 | |a 0001263623 |b Book |c Children Collection |e Cawangan Segamat | ||